Professionalism, standards and negligence (Record no. 98944)
[ view plain ]
| 000 -LEADER | |
|---|---|
| fixed length control field | 00503cam a2200169 4500 |
| 001 - CONTROL NUMBER | |
| control field | D11240 |
| 008 - FIXED-LENGTH DATA ELEMENTS--GENERAL INFORMATION | |
| fixed length control field | 090401t xxu||||| |||| 00| 0 eng d |
| 035 ## - SYSTEM CONTROL NUMBER | |
| System control number | (Sirsi) u97567 |
| 041 ## - LANGUAGE CODE | |
| Language code of text/sound track or separate title | eng |
| 050 ## - LIBRARY OF CONGRESS CALL NUMBER | |
| Classification number | 346.41032 |
| 100 ## - MAIN ENTRY--PERSONAL NAME | |
| Personal name | Palmer, John Edward Somerset |
| Titles and words associated with a name | Sir |
| Dates associated with a name | 1926- |
| 245 ## - TITLE STATEMENT | |
| Title | Professionalism, standards and negligence |
| 350 ## - PRICE (NR) (BK AM CF MU VM SE) [OBSOLETE] | |
| Price | 0 |
| 520 ## - SUMMARY, ETC. | |
| Summary, etc. | In RICS Annual conference 1982 5th - 8th October, Hotel de France, Jersey (Paper 4) 1982/40A (Archives only) |
| 942 ## - ADDED ENTRY ELEMENTS (KOHA) | |
| Suppress in OPAC | 0 |
| 948 ## - LOCAL PROCESSING INFORMATION (OCLC); SERIES PART DESIGNATOR (RLIN) | |
| c (OCLC) | 04/03/1997 |
| Withdrawn status | Lost status | Source of classification or shelving scheme | Damaged status | Not for loan | Home library | Current library | Shelving location | Date acquired | Total Checkouts | Full call number | Barcode | Date last seen | Copy number | Price effective from | Koha item type |
|---|---|---|---|---|---|---|---|---|---|---|---|---|---|---|---|
| Other/Generic Classification Scheme | London | London | RICS Boxes | 07/06/2001 | RICS 1982/40 | 97567-1001 | 06/08/2019 | 1 | 06/08/2019 | Reference material |